| 000 | 00429pam a2200169 a 4500 | ||
|---|---|---|---|
| 020 | _cpaper back | ||
| 041 | _aeng | ||
| 082 |
_a515.723 _bBRA |
||
| 100 | _aBRACEWELL R.N. | ||
| 245 |
_aTHE FOURIER TRANSFORM AND ITS APPLICATIONS _hTextual Documents |
||
| 250 | _a01-01-2000 | ||
| 260 | _bMC.GRAWHILL INTERNATIONAL | ||
| 300 |
_axx/616 _c23x18 |
||
| 500 | _a2424 | ||
| 653 | _aNUMERICAL COMPUTATION and PROG. | ||
| 930 | _a2225 | ||
| 999 |
_c45450 _d45450 |
||